| 000 | 01400nam0a22003131 4500 | ||
|---|---|---|---|
| 001 | v19\rc\1884079 | ||
| 005 | 20260405071920.0 | ||
| 035 | _a(NLR Aleph) 004988981 | ||
| 090 |
_a6265381 _c6265381 |
||
| 100 | _a20080221d1910 |||y0rusy50 ca | ||
| 101 | 0 | _arus | |
| 102 | _aRU | ||
| 105 | _ay z |||a| | ||
| 200 | 1 |
_aСвадебный бунт _e[1705 г.] _eИст. роман _a[Тишегладский хутор _eРассказ _aЗасекинский дом _eРассказ-хроника. [1613-1892] _fГр. Салиас |
|
| 210 |
_aМосква _cА.А. Петрович _d1910 |
||
| 215 |
_a286 с. _d22 |
||
| 225 | 1 | _aСобрание сочинений | |
| 300 | _aНа обл.: гр. Е.А. Салиас | ||
| 300 | _aИзд. вышло в 3 вып. | ||
| 311 | _aБеспл. прил. к журн. "Родная речь". 1910 г. Кн. 6-8 | ||
| 422 | 0 |
_12001#$aРодная речь$v1910, кн. 6-8 _tРодная речь |
|
| 540 | 1 | _aТишегладский хутор | |
| 700 | 1 |
_8rus _7ca _aСалиас-де-Турнемир _bЕ. А. _f1840-1908 _gЕвгений Андреевич _3RU\NLR\auth\7718544 _91621 |
|
| 790 | 1 |
_8rus _7ca _aСалиас-де-Турнемир _bЕ. А. _f1840-1908 _gЕвгений Андреевич _3RU\NLR\AUTH\7718544 _91621 |
|
| 801 | 0 |
_aRU _bNLR _gpsbo |
|
| 801 | 1 |
_aRU _bProSoft-M _2rusmarc |
|
| 852 |
_aNLR _j45/433 |
||
| 942 | _cBOOK | ||
| 980 | _aNB | ||